000 00790nam a22001817a 4500
003 UA-OsUOA
001 18212
007 ta
008 20040423b un ||||| |||| 00| 0 ukr d
100 _aШморгун Є.
942 _cSA
040 _aUA-OsUOA
_cUA-OsUOA
_dUA-OsUOA
245 _aЖив у Рівному книжник
_b[По вул. Соборній м.Рівне, на житловому будинку , з ініціативи обл. т-ва Всеукр. спілки краєзнавців відкрито меморіал. дошку письменнику , журналісту та краєзнавцю Л.Кравцову]
300 _aС.6
955 _a0
773 0 _w0
_tНова Волинь
_dРівне
_d2004
_g№148 квіт./
650 7 _aКравцов Л.
_2UDC
999 _c304382
_d304382